000 01007nam a2200289 i 4500
001 000026974
003 DO-SdBNP
005 20241212075022.0
007 ta
008 110328s1938 dr r 000 | spa d
040 _aDO-SdBNP
_bspa
_cBNPHU
_erda
041 _hspa
082 _a972.9304
_bF633N
_222
100 1 _aNolasco, Sócrates,
_d1884-1980
_eautor
_922323
245 1 3 _aEl Gral. Pedro Florentino :
_by un momento de la restauración /
_cSócrates Nolasco.
264 _aSantiago, República Dominicana :
_bEl Diario,
_c1938.
300 _a168 páginas ;
_c22 cm.
336 _ardacontent
_btexto
_2txt
337 _ardamedia
_bsin mediación
_2n
338 _ardacarrier
_bvolumen
_2nc
500 _aIncluye referencias bibliográficas y notas al pie de las páginas
590 _aInventariado, 2018/LP
600 1 4 _aFLORENTINO, PEDRO,
_d1806?-1864.
_954071
651 0 _aRepública Dominicana --
_xHistoria --
_y1844-1930
_91009
910 _aValidado. Control de calidad MFF
942 _2ddc
_cLBS1
999 _c26466
_d26466